Životní styl vysokoškolských studentů v současnosti
Analýza životného štýlu vysokoškolských študentov z hľadiska fyzickej aktivity, fajčenia, spotreby alkoholu a drog, stravovacích návykov a životných podmienok jednotlivca. Výsledky dotazníkového prieskumu, ktorého sa zúčastnilo 90 študentov z Východočeskej univerzity.
Saved in:
| Main Author: | |
|---|---|
| Other Authors: | , , , |
| Format: | Book Chapter |
| Language: | Czech |
| Subjects: | |
| Tags: |
No Tags, Be the first to tag this record!
|
MARC
| LEADER | 00000nla a2200000 4500 | ||
|---|---|---|---|
| 001 | 0246213 | ||
| 005 | 20240417075141.8 | ||
| 041 | 0 | |a cze | |
| 044 | |a CZ | ||
| 245 | 1 | 0 | |a Životní styl vysokoškolských studentů v současnosti |c Markéta Papršteinová, Alena Kavičková, Barbora Faltová, Iva Špačková, Hana Ochtinská |
| 520 | |a Analýza životného štýlu vysokoškolských študentov z hľadiska fyzickej aktivity, fajčenia, spotreby alkoholu a drog, stravovacích návykov a životných podmienok jednotlivca. Výsledky dotazníkového prieskumu, ktorého sa zúčastnilo 90 študentov z Východočeskej univerzity. | ||
| 610 | 2 | 0 | |a študenti |
| 610 | 2 | 0 | |a školy vysoké |
| 610 | 2 | 0 | |a univerzity |
| 610 | 2 | 0 | |a štýl životný |
| 610 | 2 | 0 | |a prieskum |
| 610 | 2 | 0 | |a Česko |
| 100 | 1 | |a Papršteinová, Markéta | |
| 700 | 1 | |a Kavičková, Alena | |
| 700 | 1 | |a Faltová, Barbora | |
| 700 | 1 | |a Špačková, Iva | |
| 700 | 1 | |a Ochtinská, Hana | |